ბათუმის შოთა რუსთაველის სახელმწიფო უნივერსიტეტის ბიბლიოთეკა

თუშური ლექსიკონი. (ბიბ.ჩანაწერი № 49282)

000 -LEADER
fixed length control field 00910nam a2200253Ia 4500
001 - CONTROL NUMBER
control field 16198
003 - CONTROL NUMBER IDENTIFIER
control field GE_BSU
008 - FIXED-LENGTH DATA ELEMENTS--GENERAL INFORMATION
fixed length control field 181216s||||||||xx |||||||||||||| ||und||
020 ## - INTERNATIONAL STANDARD BOOK NUMBER
International Standard Book Number ISBN 978-9941-15-779-0
040 ## - CATALOGING SOURCE
Transcribing agency GE_BSU
080 ## - UNIVERSAL DECIMAL CLASSIFICATION NUMBER
Universal Decimal Classification number 81'374.822=351.41=353.1
100 ## - MAIN ENTRY--PERSONAL NAME
Personal name ცოცანიძე,გიორგი
245 ## - TITLE STATEMENT
Title თუშური ლექსიკონი.
245 ## - TITLE STATEMENT
Statement of responsibility, etc. მხატვ:დავით მაჭავარიანი.
250 ## - EDITION STATEMENT
Edition statement - მე-2 შევსებული და შესწორებული გამოცემა.
260 ## - PUBLICATION, DISTRIBUTION, ETC.
Place of publication, distribution, etc. თბილისი.
260 ## - PUBLICATION, DISTRIBUTION, ETC.
Name of publisher, distributor, etc. ბაკურ სულაკაურის გამ-ბა.
260 ## - PUBLICATION, DISTRIBUTION, ETC.
Date of publication, distribution, etc. 2012
300 ## - PHYSICAL DESCRIPTION
Extent 319გვ;ილ;24სმ.
653 ## - INDEX TERM--UNCONTROLLED
Uncontrolled term თუშური ლექსიკონი.
653 ## - INDEX TERM--UNCONTROLLED
Uncontrolled term ლექსიკონი
942 ## - ADDED ENTRY ELEMENTS (KOHA)
Koha item type წიგნი
ეგზემპლარები
Withdrawn status Lost status Damaged status Not for loan Date acquired Barcode Date last seen Price effective from Koha item type
        2018-12-17 39957 2018-12-17 2018-12-17 წიგნი
        2018-12-17 39958 2018-12-17 2018-12-17 წიგნი